Statistics for Australian Major Sporting League Teams

Click here to take the quiz!

General Stats

  • This quiz has been taken 15 times
  • The average score is 53 of 73

Answer Stats

LeagueTeam% Correct
NRL RugbyCanberra Raiders
92%
AFL FootballGeelong Cats
92%
AFL FootballGold Coast Suns
92%
NBL BasketballSE Melbourne Phoenix
92%
A-League SoccerWellington Phoenix
92%
A-League SoccerAdelaide United
85%
NRL RugbyBrisbane Broncos
85%
A-League SoccerBrisbane Roar
85%
NRL RugbyCanterbury-Bankstown Bulldogs
85%
AFL FootballCollingwood Magpies
85%
AFL FootballFremantle Dockers
85%
NRL RugbyGold Coast Titans
85%
AFL FootballGWS Giants
85%
NRL RugbyManly-Warringah Sea Eagles
85%
NRL RugbyMelbourne Storm
85%
NBL BasketballMelbourne United
85%
NRL RugbyNewcastle Knights
85%
NRL RugbyParramatta Eels
85%
AFL FootballPort Adelaide Power
85%
AFL FootballRichmond Tigers
85%
NRL RugbySouth Sydney Rabbitohs
85%
NRL RugbySt. George Illawarra Dragons
85%
AFL FootballSydney Swans
85%
AFL FootballWest Coast Eagles
85%
AFL FootballWestern Bulldogs
85%
A-League SoccerWestern Sydney Wanderers
85%
A-League SoccerWestern United
85%
AFL FootballAdelaide Crows
77%
AFL FootballBrisbane Lions
77%
A-League SoccerCentral Coast Mariners
77%
NRL RugbyCronulla-Sutherland Sharks
77%
NRL RugbyDolphins
77%
Suncorp Super NetballGIANTS Netball
77%
AFL FootballHawthorn Hawks
77%
Big Bash LeagueHobart Hurricanes
77%
A-League SoccerMelbourne Victory
77%
AFL FootballNorth Melbourne Kangaroos
77%
NRL RugbyNorth Queensland Cowboys
77%
A-League SoccerPerth Glory
77%
Big Bash LeaguePerth Scorchers
77%
A-League SoccerSydney FC
77%
NRL RugbySydney Roosters
77%
Big Bash LeagueSydney Sixers
77%
NRL RugbyWests Tigers
77%
NBL BasketballAdelaide 36ers
69%
NBL BasketballBrisbane Bullets
69%
Big Bash LeagueBrisbane Heat
69%
AFL FootballCarlton Blues
69%
AFL FootballEssendon Bombers
69%
Big Bash LeagueMelbourne Stars
69%
A-League SoccerNewcastle Jets
69%
NRL RugbyPenrith Panthers
69%
AFL FootballSt Kilda Saints
69%
NBL BasketballSydney Kings
69%
Big Bash LeagueSydney Thunder
69%
NRL RugbyWarriors
69%
Big Bash LeagueAdelaide Strikers
62%
NBL BasketballIllawarra Hawks
62%
A-League SoccerMacarthur FC
62%
A-League SoccerMelbourne City
62%
AFL FootballMelbourne Demons
62%
Big Bash LeagueMelbourne Renegades
62%
NBL BasketballNew Zealand BReakers
62%
NBL BasketballPerth Wildcats
62%
NBL BasketballCairns Taipans
54%
Suncorp Super NetballNew South Wales Swifts
46%
Suncorp Super NetballSunshine Coast Lightning
46%
NBL BasketballTasmania JackJumpers
46%
Suncorp Super NetballAdelaide Thunderbirds
38%
Suncorp Super NetballMelbourne Mavericks
38%
Suncorp Super NetballQueensland Firebirds
38%
Suncorp Super NetballMelbourne Vixens
31%
Suncorp Super NetballWest Coast Fever
31%

Score Distribution

Percentile by Number Answered

Percent of People with Each Score

Your Score History

You have not taken this quiz